01012nam a2200241 a 450000100100000000500170001000800410002702000150006804000250008304100130010810000250012124501440014626000590029030000210034952600630037053400910043365000250052470000240054970000310057370000430060495201060064799900170075300003687120200930080005.0120202s1987 mx 000 0 spa d a9682604907 aDO-SdBNPbspacBNPHU17aspaheng1 aFisher, Roger96323710aObtenga el sí :bel arte de negociar sin ceder /cRoger Fisher, William Ury ; editor Bruce Patton ; traducido por Gerardo de Alba Guerra. aMéxico :bCompañía Editorial Continental,c1987. a166 p. ;c20 cm.0 aProyecto de Investigación sobre Negociación de Harvard pTít. original en inglés:tGetting to yes : negotiating agreement without giving in24aNegociación9632381 aUry, William9632391 aPatton, Bruce,eed.9632401 aAlba Guerra, Gerardo de,etrad.963241 0010507-18MOaGRbGRcOId2012-02-02iLF1l0o p36871-10r2020-06-25w2020-06-25y1ZNo se presta c36362d36362